000 00577nam a22002177a 4500
003 UA-OsUOA
001 56871
007 ta
008 20081114b un ||||| |||| 00| 0 ukr d
100 _aСкуба В.
090 _a908
_bС-12
942 _cSA
040 _aUA-OsUOA
_bukr
_cUA-OsUOA
_dUA-OsUOA
245 _aСвоє життя тримаємо в долонях. Острозька академія святкує 432-річчя
300 _aС.1
955 _a0
041 _aukr
080 _a908
773 0 _w56870
650 7 _a908 Краєзнавство
_2UDC
999 _c342978
_d342978